[Event "Viljandi Raud Memorial 57th"]
[Site "Viljandi"]
[Date "2023.07.09"]
[Round "9"]
[White "Soot, Margus"]
[Black "Narva, Mai"]
[Result "1/2-1/2"]
[WhiteElo "2105"]
[BlackElo "2387"]
[PlyCount "118"]
[EventDate "2023.07.02"]
[EventType "swiss"]
[EventRounds "9"]
[EventCountry "EST"]
[SourceTitle "CBM 215 Extra"]
[Source "ChessBase"]
[SourceDate "2023.09.30"]
[SourceVersion "1"]
[SourceVersionDate "2023.09.30"]
[SourceQuality "1"]

1. Nf3 Nf6 2. g3 b5 3. a4 b4 4. Bg2 Bb7 5. 0-0 a5 6. c4 e6 7. d4 Be7 8. Nbd2 Na6 9. Re1 d5 10. cxd5 exd5 11. Nb3 c6 12. Ne5 c5 13. dxc5 Nxc5 14. Be3 Ne6 15. Rc1 0-0 16. Nc6 Bxc6 17. Rxc6 Qd7 18. Qc2 Bd6 19. Rc1 Be5 20. Bh3 Rfe8 21. Bb6 Ne4 22. Bg2 Nc3 23. Rxe6 Qxe6 24. Bxa5 Nxa4 25. Bxb4 Rab8 26. Ba3 d4 27. Nc5 Nxc5 28. Bxc5 Bf6 29. Bf3 Qb3 30. Qxb3 Rxb3 31. Rd1 h5 32. Rd2 h4 33. Kg2 Rd8 34. gxh4 g6 35. Be4 Kg7 36. Bb1 Rdb8 37. Bxd4 Bxd4 38. Rxd4 R8b4 39. Rxb4 Rxb4 40. Kg3 Rxb2 41. Bd3 Kh6 42. e3 f5 43. Bf1 Kg7 44. Bg2 Kf6 45. Bf3 Ke5 46. Bc6 Rb3 47. Be8 Rb6 48. Kf3 Ra6 49. h3 Rb6 50. h5 gxh5 51. Bxh5 Rh6 52. Be8 Rxh3+ 53. Kg2 Rh6 54. Kf3 Rh3+ 55. Kg2 Rh8 56. Ba4 f4 57. exf4+ Kxf4 58. Bc6 Rg8+ 59. Kf1 Rh8 1/2-1/2

[Event "Viljandi Raud Memorial 57th"]
[Site "Viljandi"]
[Date "2023.07.07"]
[Round "7"]
[White "Soot, Margus"]
[Black "Shvyrjov, Igor"]
[Result "1/2-1/2"]
[WhiteElo "2105"]
[BlackElo "2359"]
[PlyCount "131"]
[EventDate "2023.07.02"]
[EventType "swiss"]
[EventRounds "9"]
[EventCountry "EST"]
[SourceTitle "CBM 215 Extra"]
[Source "ChessBase"]
[SourceDate "2023.09.30"]
[SourceVersion "1"]
[SourceVersionDate "2023.09.30"]
[SourceQuality "1"]

1. c4 Nf6 2. Nc3 d5 3. d4 c6 4. Nf3 g6 5. e3 Bg7 6. Be2 0-0 7. 0-0 dxc4 8. a4 Bg4 9. Ne5 Bxe2 10. Qxe2 a5 11. Nxc4 Na6 12. Rd1 Ne8 13. e4 Nd6 14. Bf4 Nxc4 15. Qxc4 Qb6 16. Rd2 Rfd8 17. Rad1 Rd7 18. Be3 Rad8 19. b3 Qb4 20. Qxb4 Nxb4 21. f3 h6 22. Kf2 e6 23. Ke2 f5 24. g4 fxg4 25. fxg4 Rf8 26. Rf1 Rxf1 27. Kxf1 Rf7+ 28. Ke2 Rd7 29. h3 Kf7 30. e5 g5 31. Kf3 Kg6 32. Ke4 Bf8 33. Rf2 Be7 34. Rf3 Rd8 35. Bc1 Rh8 36. Ba3 h5 37. Bxb4 Bxb4 38. gxh5+ Rxh5 39. Ne2 Be7 40. Kd3 Rh8 41. Nc3 Rb8 42. Kc4 Rf8 43. Re3 Rf1 44. Kd3 c5 45. dxc5 Bxc5 46. Rg3 Kf5 47. Ne4 Be7 48. Rxg5+ Bxg5 49. Ng3+ Kxe5 50. Nxf1 Kf4 51. Nd2 e5 52. Nc4 Bd8 53. Nd6 b6 54. Ke2 Be7 55. Nc4 Bc5 56. h4 e4 57. Nd2 e3 58. Nc4 Ke4 59. h5 Kd4 60. h6 Kc3 61. h7 Bd4 62. Nxb6 Kxb3 63. Kd3 Bh8 64. Nc4 e2 65. Nxa5+ Kxa4 66. Kxe2 1/2-1/2

[Event "Viljandi Raud Memorial 57th"]
[Site "Viljandi"]
[Date "2023.07.05"]
[Round "5"]
[White "Soot, Margus"]
[Black "Raag, Ardi"]
[Result "1-0"]
[WhiteElo "2105"]
[BlackElo "2077"]
[PlyCount "115"]
[EventDate "2023.07.02"]
[EventType "swiss"]
[EventRounds "9"]
[EventCountry "EST"]
[SourceTitle "CBM 215 Extra"]
[Source "ChessBase"]
[SourceDate "2023.09.30"]
[SourceVersion "1"]
[SourceVersionDate "2023.09.30"]
[SourceQuality "1"]

1. e4 e5 2. Nc3 Nc6 3. g3 Nf6 4. Bg2 Bc5 5. Nge2 a5 6. 0-0 d6 7. h3 h5 8. Nd5 Nd4 9. c3 Nxe2+ 10. Qxe2 c6 11. Ne3 Be6 12. Rd1 Ba7 13. d4 Qc7 14. dxe5 dxe5 15. Nf5 Bxf5 16. exf5 Nd7 17. Bg5 f6 18. Be3 Bxe3 19. Qxe3 Qb6 20. Rd4 Qc7 21. b4 0-0-0 22. Rdd1 axb4 23. cxb4 Nb6 24. Rdc1 Nd5 25. Qb3 Kb8 26. a4 Qb6 27. Rab1 Nc7 28. a5 Qb5 29. Bf1 Qd5 30. Bc4 Qe4 31. b5 cxb5 32. Bxb5 Nxb5 33. Qxb5 Rc8 34. Qb6 Rxc1+ 35. Rxc1 Qd4 36. Qc7+ Ka8 37. Qxg7 Rd8 38. Qxf6 Rg8 39. Kg2 Rxg3+ 40. Kxg3 Qf4+ 41. Kg2 Qxc1 42. Qxe5 Qg5+ 43. Kh2 Qh4 44. Kg2 Qg5+ 45. Kf3 Qh4 46. Qe8+ Ka7 47. Qe3+ Ka8 48. Kg2 Qf6 49. Qf4 Qg7+ 50. Kh2 Qf6 51. Qe4 Qb2 52. Qe8+ Ka7 53. Qe3+ Ka8 54. Kg3 Qg7+ 55. Kh4 Qf6+ 56. Qg5 Qd4+ 57. Kxh5 Qxf2 58. Qd8+ 1-0

[Event "Viljandi Raud Memorial 57th"]
[Site "Viljandi"]
[Date "2023.07.04"]
[Round "4"]
[White "Jogi, Henry"]
[Black "Soot, Margus"]
[Result "1/2-1/2"]
[WhiteElo "1275"]
[BlackElo "2105"]
[PlyCount "69"]
[EventDate "2023.07.02"]
[EventType "swiss"]
[EventRounds "9"]
[EventCountry "EST"]
[SourceTitle "CBM 215 Extra"]
[Source "ChessBase"]
[SourceDate "2023.09.30"]
[SourceVersion "1"]
[SourceVersionDate "2023.09.30"]
[SourceQuality "1"]

1. e4 c5 2. c3 e6 3. d4 a6 4. Nf3 b5 5. Bd3 Bb7 6. 0-0 Qc7 7. Re1 d6 8. a4 bxa4 9. Qxa4+ Nd7 10. Na3 Ngf6 11. Nc4 Be7 12. Na5 Bc8 13. Qc6 Ra7 14. dxc5 dxc5 15. Bf4 Qxc6 16. Nxc6 Ra8 17. Nxe7 Kxe7 18. Ra5 Bb7 19. Nd2 Rhc8 20. Rea1 Rc6 21. Nc4 h6 22. e5 Nd5 23. Bg3 N7b6 24. Nd6 c4 25. Be4 Rc7 26. Nxb7 Rxb7 27. Rxa6 Rxa6 28. Rxa6 Nd7 29. Rc6 Rxb2 30. Rxc4 N7b6 31. Rc6 Kd7 32. Rd6+ Ke7 33. Rc6 Kd7 34. Rd6+ Ke7 35. Rc6 1/2-1/2

[Event "EST-ch"]
[Site "Tallinn"]
[Date "2022.12.18"]
[Round "9"]
[White "Soot, Margus"]
[Black "Seeman, Tarvo"]
[Result "0-1"]
[WhiteElo "2121"]
[BlackElo "2405"]
[PlyCount "42"]
[EventDate "2022.12.10"]
[EventType "tourn"]
[EventRounds "9"]
[EventCountry "EST"]
[EventCategory "3"]
[SourceTitle "CBM 211 Extra"]
[Source "ChessBase"]
[SourceDate "2023.01.31"]
[SourceVersion "1"]
[SourceVersionDate "2023.01.31"]
[SourceQuality "1"]

1. c4 e5 2. g3 c6 3. d4 e4 4. Nc3 d5 5. cxd5 cxd5 6. Qb3 Nf6 7. Bg5 Nbd7 8. Bh3 Bd6 9. 0-0-0 0-0 10. Nxd5 h6 11. Nxf6+ Nxf6 12. Bxf6 Qxf6 13. f4 a5 14. Kb1 a4 15. Qd5 a3 16. b3 Qe7 17. e3 Rd8 18. Qb5 Bb4 19. Bxc8 Rdxc8 20. Qe2 Rc3 21. Nh3 Qe6 0-1

[Event "EST-ch"]
[Site "Tallinn"]
[Date "2022.12.14"]
[Round "5"]
[White "Soot, Margus"]
[Black "Timoshin, Andrei"]
[Result "0-1"]
[WhiteElo "2121"]
[BlackElo "2179"]
[PlyCount "82"]
[EventDate "2022.12.10"]
[EventType "tourn"]
[EventRounds "9"]
[EventCountry "EST"]
[EventCategory "3"]
[SourceTitle "CBM 211 Extra"]
[Source "ChessBase"]
[SourceDate "2023.01.31"]
[SourceVersion "1"]
[SourceVersionDate "2023.01.31"]
[SourceQuality "1"]

1. c4 e6 2. Nf3 d5 3. g3 Nf6 4. Bg2 c5 5. 0-0 d4 6. d3 Nc6 7. e3 dxe3 8. Bxe3 e5 9. Re1 Bd6 10. Nc3 0-0 11. Ne4 Nxe4 12. dxe4 Nd4 13. Nxd4 cxd4 14. Bd2 Be6 15. Qa4 a6 16. Bf1 Qe7 17. Rec1 f5 18. exf5 Rxf5 19. c5 Bxc5 20. Bh3 Rf6 21. Bg5 Bxh3 22. Bxf6 Qxf6 23. Rxc5 Rf8 24. Qc4+ Kh8 25. Qe2 d3 26. Qe3 e4 27. Rc3 Bg4 28. Rac1 h6 29. f4 exf3 30. Kf2 Qg6 31. Re1 Bf5 32. Qd4 Qg5 33. Qf4 Qd8 34. Rc7 Qf6 35. Qb4 Rd8 36. Qc3 Qb6+ 37. Kxf3 Qg6 38. Qd2 Rf8 39. Ree7 Bh3+ 40. Ke3 Qg5+ 41. Kxd3 Rd8+ 0-1

[Event "EST-ch"]
[Site "Tallinn"]
[Date "2022.12.13"]
[Round "4"]
[White "Kanep, Meelis"]
[Black "Soot, Margus"]
[Result "1-0"]
[WhiteElo "2412"]
[BlackElo "2121"]
[PlyCount "63"]
[EventDate "2022.12.10"]
[EventType "tourn"]
[EventRounds "9"]
[EventCountry "EST"]
[EventCategory "3"]
[SourceTitle "CBM 211 Extra"]
[Source "ChessBase"]
[SourceDate "2023.01.31"]
[SourceVersion "1"]
[SourceVersionDate "2023.01.31"]
[SourceQuality "1"]

1. d4 d5 2. c4 e6 3. Nf3 Ne7 4. Nc3 Nbc6 5. e3 g6 6. h4 h5 7. g3 Bg7 8. Bg2 b6 9. 0-0 0-0 10. b3 Bb7 11. Ba3 Qd7 12. Rc1 Rfd8 13. cxd5 exd5 14. Ng5 f6 15. Nh3 a5 16. Nf4 Nb4 17. Qd2 Bf8 18. Bxb4 axb4 19. Na4 Bc6 20. Qxb4 Bxa4 21. bxa4 Rxa4 22. Qb3 Ra5 23. Qc2 f5 24. Qxc7 Qxc7 25. Rxc7 Rd6 26. Rfc1 Kf7 27. Rb7 Kf6 28. Rcc7 Rb5 29. Bf3 Bh6 30. Rxe7 Bxf4 31. Rf7+ Ke6 32. Rbe7# 1-0

[Event "EST-ch"]
[Site "Tallinn"]
[Date "2022.12.11"]
[Round "2"]
[White "Soot, Margus"]
[Black "Sirosh, Ilja"]
[Result "1/2-1/2"]
[WhiteElo "2121"]
[BlackElo "2386"]
[PlyCount "154"]
[EventDate "2022.12.10"]
[EventType "tourn"]
[EventRounds "9"]
[EventCountry "EST"]
[EventCategory "3"]
[SourceTitle "CBM 211 Extra"]
[Source "ChessBase"]
[SourceDate "2023.01.31"]
[SourceVersion "1"]
[SourceVersionDate "2023.01.31"]
[SourceQuality "1"]

1. e4 c5 2. Nc3 Nc6 3. Be2 Nf6 4. Nf3 e5 5. 0-0 Be7 6. Re1 0-0 7. h3 d6 8. b3 h6 9. Bb2 Be6 10. Bf1 Qd7 11. a4 Rae8 12. Nh2 Bd8 13. Bc4 Nh7 14. Nd5 f5 15. f4 fxe4 16. fxe5 dxe5 17. Ne3 Bh4 18. Rf1 Rxf1+ 19. Nhxf1 Qf7 20. Bxe6 Rxe6 21. Qg4 Bf2+ 22. Kh1 Nf6 23. Qe2 Bxe3 24. dxe3 Rd6 25. Rd1 Rxd1 26. Qxd1 Qd5 27. Qe2 c4 28. Qxc4 Qxc4 29. bxc4 Kf7 30. Nd2 Ke6 31. Ba3 g6 32. Kg1 b6 33. Kf2 Na5 34. c5 Kd5 35. cxb6 axb6 36. Bb4 Nc4 37. Nb3 Nd7 38. a5 bxa5 39. Nxa5 Nxa5 40. Bxa5 Nc5 41. Bb4 Ne6 42. Ke2 h5 43. Kd2 Kc4 44. Bd6 Kd5 45. Ba3 Kc4 46. Bb2 Kb4 47. Bxe5 Kc4 48. Bf6 Nc7 49. Ke2 Ne6 50. Kf2 Kd5 51. Kg3 Kc4 52. Kh4 Kd5 53. g4 hxg4 54. Kxg4 Kc4 55. h4 Kd5 56. Be7 Kc4 57. Bf6 Kd5 58. Bb2 Kc4 59. Be5 Kd5 60. Bg3 Kc4 61. Be1 Kd5 62. Bf2 Kc4 63. Be1 Kd5 64. Bb4 Kc4 65. Ba5 Kb5 66. Bc3 Kc4 67. Ba1 Kd5 68. Bh8 Kc4 69. Bf6 Kd5 70. Be7 Kc4 71. h5 gxh5+ 72. Kf5 Kd5 73. c4+ Kxc4 74. Kxe6 Kd3 75. Bg5 h4 76. Kf5 h3 77. Bf4 h2 1/2-1/2

[Event "Keres Memorial rap 31st"]
[Site "Tallinn"]
[Date "2022.09.10"]
[Round "5"]
[White "Ehlvest, Jaan"]
[Black "Soot, Margus"]
[Result "1-0"]
[WhiteElo "2530"]
[BlackElo "2121"]
[PlyCount "105"]
[EventDate "2022.09.10"]
[EventType "swiss (rapid)"]
[EventRounds "11"]
[EventCountry "EST"]
[SourceTitle "CBM 210 Extra"]
[Source "ChessBase"]
[SourceDate "2022.11.30"]
[SourceVersion "1"]
[SourceVersionDate "2022.11.30"]
[SourceQuality "1"]

1. e4 c6 2. d4 d5 3. exd5 cxd5 4. Bd3 Nc6 5. c3 Nf6 6. h3 g6 7. Nf3 Bg7 8. 0-0 0-0 9. Re1 Bf5 10. Be2 Qd6 11. Be3 Rfe8 12. Nbd2 Rad8 13. a4 Ne4 14. Bf1 a6 15. Nb3 e5 16. dxe5 Nxe5 17. Nbd4 Bc8 18. Nxe5 Bxe5 19. Nf3 Bg7 20. Bd4 Nf6 21. Qb3 Rxe1 22. Rxe1 Re8 23. Rxe8+ Nxe8 24. Bxg7 Kxg7 25. Qd1 f6 26. g3 Be6 27. Bg2 Bf7 28. Qd4 Qc6 29. Qb4 Nd6 30. Nd4 Qc7 31. h4 Qe7 32. Kh2 Qe5 33. Qb6 Qe7 34. Qc5 h5 35. a5 Qe5 36. Nf3 Qe7 37. Qb4 Qc7 38. Nd2 Nf5 39. Nb3 Nd6 40. Qc5 Qxc5 41. Nxc5 g5 42. b4 Kf8 43. hxg5 fxg5 44. f4 gxf4 45. gxf4 Ke7 46. Kg3 Kd8 47. Kh4 Kc7 48. Kg5 Nb5 49. Kf6 Be8 50. Ke7 Bc6 51. f5 d4 52. Ne6+ Kb8 53. Bxc6 1-0

[Event "EST-ch"]
[Site "Tallinn"]
[Date "2021.12.16"]
[Round "6"]
[White "Andrijashkin, Deniss"]
[Black "Soot, Margus"]
[Result "1-0"]
[WhiteElo "2036"]
[BlackElo "2117"]
[PlyCount "43"]
[EventDate "2021.12.11"]
[EventType "tourn"]
[EventRounds "9"]
[EventCountry "EST"]
[SourceTitle "CBM 205 Extra"]
[Source "ChessBase"]
[SourceDate "2022.01.31"]
[SourceVersion "1"]
[SourceVersionDate "2022.01.31"]
[SourceQuality "1"]

1. e4 c5 2. Nf3 d6 3. Bb5+ Bd7 4. Bxd7+ Nxd7 5. 0-0 g6 6. c3 Bg7 7. d4 cxd4 8. cxd4 e6 9. Nc3 Ne7 10. Bf4 Nb6 11. Nb5 Nec8 12. Qb3 0-0 13. Rac1 a6 14. Nc7 Ra7 15. d5 exd5 16. Nxd5 Nxd5 17. Qxd5 b5 18. b3 Qa5 19. Rc2 Rd7 20. Qc6 Rfd8 21. Bd2 Qa3 22. Qxc8 1-0

[Event "EST-ch"]
[Site "Tallinn"]
[Date "2021.12.13"]
[Round "3"]
[White "Shishkov, Andrei"]
[Black "Soot, Margus"]
[Result "1-0"]
[WhiteElo "2405"]
[BlackElo "2117"]
[PlyCount "79"]
[EventDate "2021.12.11"]
[EventType "tourn"]
[EventRounds "9"]
[EventCountry "EST"]
[SourceTitle "CBM 205 Extra"]
[Source "ChessBase"]
[SourceDate "2022.01.31"]
[SourceVersion "1"]
[SourceVersionDate "2022.01.31"]
[SourceQuality "1"]

1. d4 e6 2. c4 Bb4+ 3. Bd2 Qe7 4. e3 Nf6 5. Nc3 Bxc3 6. Bxc3 Ne4 7. Rc1 Nxc3 8. Rxc3 f5 9. Bd3 0-0 10. Nf3 d6 11. e4 c5 12. 0-0 Nc6 13. dxc5 dxc5 14. Re1 Qf6 15. Bc2 Rd8 16. Qe2 Bd7 17. h3 Be8 18. exf5 exf5 19. Qe3 b6 20. Qf4 Bg6 21. Rce3 Rd6 22. Ba4 Nd4 23. Re7 a6 24. Rb7 Rf8 25. Ree7 Rf7 26. Re8+ Rf8 27. Ree7 Rf7 28. Re8+ Rf8 29. Rxf8+ Qxf8 30. Kh2 h6 31. Ne5 Kh7 32. Nd7 Qe7 33. Nxc5 Qd8 34. Nd7 Qe7 35. Nc5 Qe1 36. Qxd6 Nf3+ 37. Kg3 Nd2 38. Qd4 Nf1+ 39. Kh4 bxc5 40. Qxg7# 1-0

[Event "Viljandi Raud Memorial 55th"]
[Site "Viljandi"]
[Date "2021.07.10"]
[Round "8"]
[White "Tolmacevs, Artjoms"]
[Black "Soot, Margus"]
[Result "0-1"]
[WhiteElo "1818"]
[BlackElo "2106"]
[PlyCount "104"]
[EventDate "2021.07.04"]
[EventType "swiss"]
[EventRounds "9"]
[EventCountry "EST"]
[SourceTitle "CBM 203 Extra"]
[Source "ChessBase"]
[SourceDate "2021.09.30"]
[SourceVersion "1"]
[SourceVersionDate "2021.09.30"]
[SourceQuality "1"]

1. e4 c5 2. Nf3 e6 3. d4 cxd4 4. Nxd4 Nf6 5. Nc3 d6 6. g3 a6 7. Bg2 Be7 8. 0-0 0-0 9. Be3 Qc7 10. Kh1 Bd7 11. f4 Nc6 12. f5 b5 13. a3 Nxd4 14. Bxd4 Bc6 15. g4 h6 16. h4 Qb7 17. Qe2 Nd7 18. g5 hxg5 19. hxg5 Bxg5 20. f6 e5 21. fxg7 Kxg7 22. Be3 Rh8+ 23. Kg1 Bxe3+ 24. Qxe3 Qb6 25. Rae1 Rag8 26. Qxb6 Nxb6 27. Rd1 Rh6 28. Rd3 Kf8 29. b3 Ke7 30. Rfd1 Rhg6 31. R1d2 Nd7 32. Kf1 Nc5 33. Nd5+ Kf8 34. Rc3 Bxd5 35. exd5 Rg3 36. Rxg3 Rxg3 37. Kf2 Rc3 38. Ke1 f5 39. Rf2 f4 40. Bf3 Ke7 41. Kd2 Re3 42. Kc1 Nd7 43. Kb2 Nf6 44. c4 bxc4 45. bxc4 e4 46. Be2 f3 47. Bd1 Re1 48. Bxf3 exf3 49. Rxf3 Ne4 50. Rb3 Re2+ 51. Kc1 Nc5 52. Rc3 Kf6 0-1

[Event "Viljandi Raud Memorial 55th"]
[Site "Viljandi"]
[Date "2021.07.09"]
[Round "7"]
[White "Soot, Margus"]
[Black "Seeman, Tarvo"]
[Result "1/2-1/2"]
[WhiteElo "2106"]
[BlackElo "2411"]
[PlyCount "102"]
[EventDate "2021.07.04"]
[EventType "swiss"]
[EventRounds "9"]
[EventCountry "EST"]
[SourceTitle "CBM 203 Extra"]
[Source "ChessBase"]
[SourceDate "2021.09.30"]
[SourceVersion "1"]
[SourceVersionDate "2021.09.30"]
[SourceQuality "1"]

1. e4 c5 2. Nc3 e6 3. Nf3 a6 4. a4 Nc6 5. Be2 Nf6 6. 0-0 d6 7. Re1 Be7 8. Bf1 0-0 9. b3 Bd7 10. Bb2 Rc8 11. h3 Qc7 12. Rc1 Rfd8 13. Nb1 Be8 14. Nh2 Ne5 15. Na3 Rb8 16. Nc4 Nxc4 17. Bxc4 b5 18. axb5 axb5 19. Bf1 Bc6 20. d3 e5 21. Ng4 Ra8 22. Bc3 Ra2 23. g3 Nxg4 24. Qxg4 Bd7 25. Qh5 g6 26. Qh6 Be6 27. Bg2 Bf6 28. h4 Qe7 29. Qe3 h5 30. Rf1 b4 31. Bd2 Rda8 32. f3 Rb2 33. Ra1 Ra3 34. Bc1 Rxa1 35. Bxb2 Ra2 36. Rb1 g5 37. hxg5 Bxg5 38. f4 Bh6 39. Qf2 Bg4 40. fxe5 dxe5 41. Bc1 Bxc1 42. Rxc1 Qd6 43. Bf3 Bxf3 44. Qxf3 Qg6 45. Kh1 Qg4 46. Qf2 Ra6 47. Rf1 Qh3+ 48. Kg1 Rf6 49. Qxf6 Qxg3+ 50. Kh1 Qh3+ 51. Kg1 Qg3+ 1/2-1/2

[Event "Viljandi Raud Memorial 55th"]
[Site "Viljandi"]
[Date "2021.07.07"]
[Round "5"]
[White "Soot, Margus"]
[Black "Chukavin, Kirill"]
[Result "0-1"]
[WhiteElo "2106"]
[BlackElo "2384"]
[PlyCount "46"]
[EventDate "2021.07.04"]
[EventType "swiss"]
[EventRounds "9"]
[EventCountry "EST"]
[SourceTitle "CBM 203 Extra"]
[Source "ChessBase"]
[SourceDate "2021.09.30"]
[SourceVersion "1"]
[SourceVersionDate "2021.09.30"]
[SourceQuality "1"]

1. Nf3 d5 2. d4 Nf6 3. g3 c5 4. c3 Nc6 5. Bg2 Bf5 6. 0-0 e6 7. Nbd2 h6 8. Ne5 cxd4 9. Nxc6 bxc6 10. cxd4 c5 11. Nf3 Bd6 12. dxc5 Bxc5 13. Nd4 Bg6 14. b4 Bd6 15. Bf4 e5 16. Qa4+ Qd7 17. Nb5 Ke7 18. Bxd5 Nxd5 19. Rad1 a6 20. Rxd5 axb5 21. Qd1 exf4 22. Qd4 fxg3 23. Rd1 gxf2+ 0-1

[Event "Viljandi Raud Memorial 52nd"]
[Site "Viljandi"]
[Date "2018.07.06"]
[Round "5"]
[White "Sepp, Olav"]
[Black "Soot, Margus"]
[Result "1/2-1/2"]
[WhiteElo "2439"]
[BlackElo "2106"]
[PlyCount "134"]
[EventDate "2018.07.06"]
[EventType "swiss (rapid)"]
[EventRounds "10"]
[EventCountry "EST"]
[SourceTitle "CBM 185 Extra"]
[Source "ChessBase"]
[SourceDate "2018.07.29"]
[SourceVersion "1"]
[SourceVersionDate "2018.07.29"]
[SourceQuality "1"]

1. Nf3 Nf6 2. g3 g6 3. Bg2 Bg7 4. 0-0 0-0 5. d4 d5 6. c4 c6 7. cxd5 cxd5 8. Nc3 Nc6 9. Ne5 Be6 10. Nxc6 bxc6 11. Bf4 Nd7 12. Na4 Rc8 13. Rc1 Qa5 14. b3 c5 15. Bd2 Qb5 16. Nc3 Qb7 17. Be3 c4 18. Rb1 cxb3 19. Rxb3 Qa8 20. Qd3 Nb6 21. Bg5 Rfe8 22. e4 Rc4 23. Be3 dxe4 24. Bxe4 Qc8 25. Nb5 Ra4 26. Rc1 Qd8 27. Rb2 Bc4 28. Qd1 Rxa2 29. Rxa2 Bxa2 30. Nc7 Rf8 31. d5 Be5 32. Nb5 Bxd5 33. Bxd5 Qxd5 34. Nxa7 Qxd1+ 35. Rxd1 Nc4 36. Bh6 Bg7 37. Bxg7 Kxg7 38. Nc6 Re8 39. Rd7 Kf6 40. Rc7 Ne5 41. Nxe5 Kxe5 42. h4 h5 43. Kg2 Kf6 44. Kf3 Ra8 45. Rc6+ Kf5 46. Rc7 Kf6 47. Rc6+ e6 48. Rc7 Ra2 49. Rb7 Rc2 50. Ra7 e5 51. Rb7 Ke6 52. Ra7 f6 53. Ra6+ Kf5 54. Rb6 g5 55. hxg5 fxg5 56. Rh6 e4+ 57. Ke3 Kg4 58. Re6 Rc4 59. Rg6 Ra4 60. Rg8 Ra7 61. Rg6 Rf7 62. Re6 Rf3+ 63. Ke2 e3 64. Re4+ Kf5 65. Rxe3 Rxe3+ 66. Kxe3 Kg4 67. Ke2 h4 1/2-1/2

[Event "Viljandi Raud Memorial 52nd"]
[Site "Viljandi"]
[Date "2018.07.06"]
[Round "4"]
[White "Soot, Margus"]
[Black "Smirnov, Artem"]
[Result "1-0"]
[WhiteElo "2106"]
[BlackElo "2405"]
[PlyCount "120"]
[EventDate "2018.07.06"]
[EventType "swiss (rapid)"]
[EventRounds "10"]
[EventCountry "EST"]
[SourceTitle "CBM 185 Extra"]
[Source "ChessBase"]
[SourceDate "2018.07.29"]
[SourceVersion "1"]
[SourceVersionDate "2018.07.29"]
[SourceQuality "1"]

1. e4 c5 2. Nf3 Nc6 3. d4 cxd4 4. Nxd4 Qb6 5. Nxc6 bxc6 6. Bd3 g6 7. 0-0 Bg7 8. c3 d6 9. Qe2 Nf6 10. Kh1 0-0 11. Na3 Qc7 12. Bg5 h6 13. Bf4 Nh5 14. Be3 e5 15. Qd2 g5 16. Bc4 Bb7 17. Qd1 Nf6 18. f3 d5 19. exd5 cxd5 20. Bd3 a6 21. Rc1 Rad8 22. Bb1 Nh5 23. Qb3 Qe7 24. Nc2 f5 25. Bb6 Rd7 26. Ne3 Qe6 27. Rcd1 Nf4 28. g3 Ng6 29. Kg1 e4 30. fxe4 fxe4 31. Rxf8+ Bxf8 32. Rf1 Rf7 33. Bd4 Rxf1+ 34. Nxf1 Qf7 35. Bc2 Bg7 36. Bd1 Ne5 37. Qb6 Nc4 38. Qd8+ Qf8 39. Qc7 Qf7 40. Qb8+ Kh7 41. b3 Bxd4+ 42. cxd4 Nb2 43. Be2 Nd3 44. Bxd3 exd3 45. Qe5 Kg8 46. Qe3 Qg6 47. Qe7 Bc6 48. a4 Qe8 49. Qxe8+ Bxe8 50. Kf2 Bh5 51. Ke3 Be2 52. Nd2 Kf7 53. b4 Ke6 54. Nb3 Kd6 55. Nc5 a5 56. bxa5 Kc6 57. Nxd3 Bd1 58. Nb4+ Kd6 59. a6 Bxa4 60. a7 h5 1-0

[Event "Viljandi Raud Olympic 51st"]
[Site "Viljandi"]
[Date "2017.07.01"]
[Round "2.2"]
[White "Soot, Margus"]
[Black "Kanep, Meelis"]
[Result "1-0"]
[WhiteElo "2104"]
[BlackElo "2456"]
[PlyCount "123"]
[EventDate "2017.07.01"]
[EventType "k.o. (rapid)"]
[EventRounds "6"]
[EventCountry "EST"]
[SourceTitle "CBM 179 Extra"]
[Source "ChessBase"]
[SourceDate "2017.08.23"]
[SourceVersion "1"]
[SourceVersionDate "2017.08.23"]
[SourceQuality "1"]

1. e4 c5 2. Nc3 d6 3. g3 g6 4. Bg2 Bg7 5. Nge2 Nc6 6. 0-0 e6 7. d3 Nge7 8. h3 0-0 9. f4 Rb8 10. a4 a6 11. Be3 Nd4 12. Qd2 b5 13. axb5 axb5 14. Nd1 b4 15. Bf2 Nec6 16. Kh2 Bb7 17. Nxd4 Nxd4 18. Ne3 Qc7 19. Nc4 d5 20. Na5 Ba8 21. c3 bxc3 22. bxc3 Nb5 23. e5 d4 24. cxd4 Bxg2 25. Kxg2 cxd4 26. Rfc1 Qd7 27. Rc4 f6 28. Nc6 Rbc8 29. Rac1 fxe5 30. fxe5 Ra8 31. Bxd4 Kh8 32. Kh2 Nxd4 33. Rxd4 Qb7 34. Rf4 Rxf4 35. gxf4 h6 36. Qg2 Rc8 37. Rc4 Qf7 38. Qe4 Ra8 39. Rc2 Ra1 40. Rg2 Rc1 41. Nd8 Qf5 42. Qxf5 exf5 43. Rxg6 Bf8 44. Rf6 Bc5 45. Nf7+ Kg7 46. Nxh6 Rc2+ 47. Kg3 Bb4 48. Nxf5+ Kg8 49. Kf3 Rh2 50. Ke4 Rxh3 51. d4 Rh1 52. Kd5 Ra1 53. Rb6 Bc3 54. Ke6 Ra4 55. Rb8+ Kh7 56. Rb7+ Kg8 57. Rd7 Ra6+ 58. Nd6 Bxd4 59. Kf5 Ra5 60. Ne4 Bb2 61. Nf6+ Kf8 62. Kg6 1-0

[Event "Golden Sands op-B"]
[Site "Golden Sands"]
[Date "2015.06.15"]
[Round "8"]
[White "Soot, Margus"]
[Black "Kiremitciyan, Ari"]
[Result "0-1"]
[WhiteElo "2101"]
[BlackElo "1930"]
[PlyCount "74"]
[EventDate "2015.06.08"]
[EventType "swiss"]
[EventRounds "9"]
[EventCountry "BUL"]
[SourceTitle "CBM 167 Extra"]
[Source "ChessBase"]
[SourceDate "2015.09.14"]
[SourceVersion "1"]
[SourceVersionDate "2015.09.14"]
[SourceQuality "1"]

1. c4 c6 2. e4 d5 3. exd5 cxd5 4. d4 Nf6 5. Nc3 e6 6. Nf3 Nc6 7. Bg5 Be7 8. a3 0-0 9. Bd3 dxc4 10. Bxc4 b6 11. 0-0 Bb7 12. Rc1 Nd5 13. Ne4 Bxg5 14. Nexg5 h6 15. Ne4 Nf6 16. Ng3 Qd6 17. Qd3 Rfd8 18. Rfd1 Na5 19. Ba2 Bd5 20. Bb1 Nb3 21. Rc4 Bxc4 22. Qxc4 Na5 23. Qd3 Nc6 24. h4 Rac8 25. b4 Qf4 26. Ne2 Qc7 27. Rc1 Qd6 28. Rd1 e5 29. Qd2 Nxd4 30. Nfxd4 exd4 31. Bd3 Qe5 32. Ng3 Nd5 33. Re1 Qf4 34. Qa2 Rc1 35. Rxc1 Qxc1+ 36. Kh2 Nf4 37. Bc4 d3 0-1

[Event "Golden Sands op-B"]
[Site "Golden Sands"]
[Date "2015.06.14"]
[Round "7"]
[White "Machlik, Edit"]
[Black "Soot, Margus"]
[Result "0-1"]
[WhiteElo "2083"]
[BlackElo "2101"]
[PlyCount "62"]
[EventDate "2015.06.08"]
[EventType "swiss"]
[EventRounds "9"]
[EventCountry "BUL"]
[SourceTitle "CBM 167 Extra"]
[Source "ChessBase"]
[SourceDate "2015.09.14"]
[SourceVersion "1"]
[SourceVersionDate "2015.09.14"]
[SourceQuality "1"]

1. d4 Nf6 2. c4 e6 3. Nc3 Bb4 4. Qc2 0-0 5. a3 Bxc3+ 6. Qxc3 Ne4 7. Qc2 f5 8. Nh3 Nc6 9. e3 e5 10. dxe5 Nxe5 11. Be2 a5 12. b3 d6 13. 0-0 Bd7 14. Bb2 Ng6 15. Rad1 Qe7 16. Bh5 Nh4 17. Be2 Bc6 18. Bd4 Rae8 19. b4 axb4 20. axb4 Ng5 21. Nf4 Nh3+ 22. Nxh3 Bxg2 23. f3 Bxh3 24. Rf2 c5 25. Bc3 Qg5+ 26. Kh1 Bg2+ 27. Kg1 Nxf3+ 28. Bxf3 Bxf3+ 29. Kf1 Bxd1 30. Qxd1 Qxe3 31. Rg2 Qxc3 0-1